ბათუმის შოთა რუსთაველის სახელმწიფო უნივერსიტეტის ბიბლიოთეკა

ილია ჭავჭავაძის ენა და ტექსტის დადგენის ზოგიერთი საკითხი / (ბიბ.ჩანაწერი № 52911)

000 -ლიდერი
ფიქსირებული სიგრძის საკონტროლო ველი 01550nam a2200289Ia 4500
001 - საკონტროლო ნომერი
საკონტროლო ველი 19941
003 - საკონტროლო ნომრის იდენტიფიკატორი
საკონტროლო ველი GE_BSU
005 - ბოლო ოპერაციის თარიღი და დრო
საკონტროლო ველი 20200517222931.0
008 - ფიქსირებული სიგრძის მონაცემთა ელემენტები - ზოგადი ინფორმაცია
ფიქსირებული სიგრძის საკონტროლო ველი 181216s1994||||ge |||||||||||||| ||geo||
020 ## - წიგნის საერთაშორისო სტანდარტული ნომერი
International Standard Book Number 5-520-01069-2
040 ## - კატალოგიზაციის წყარო
Transcribing agency GE_BSU
041 ## - ენის კოდი
Language code of text/sound track or separate title geo
080 ## - უნივერსალური ათობითი კლასიფიკაციის ინდექსი
Universal Decimal Classification number 811.353.1(092ჭავჭავაძე ი.) ჭ-85
100 ## - მთავარი ჩანაწერი - პიროვნების სახელი
Personal name ჭუმბურიძე, ზურაბ
9 (RLIN) 8055
245 ## - ცნობა სათაურის შესახებ
Title ილია ჭავჭავაძის ენა და ტექსტის დადგენის ზოგიერთი საკითხი /
Statement of responsibility, etc ზურაბ ჭუმბურიძე ; რედ. გ. აბაშიძე.
264 ## - წარმოების, გამოცემის, დისტრიბუციის და სხვა ცნობები
გამოცემის, წარმოების, დისტრიბუციის... ადგილი თბილისი :
გამოცემის, წარმოების, დისტრიბუციის... სახელწოდება მეცნიერება,
გამოცემის, წარმოების, დისტრიბუციის... თარიღი 1994.
300 ## - ფიზიკური აღწერა
Extent 133 გვ. ;
Dimensions 19 სმ.
504 ## - BIBLIOGRAPHY, ETC. NOTE
Bibliography, etc ბიბლიოგრაფია ტექსტის შენიშვნები
653 ## - INDEX TERM--UNCONTROLLED
Uncontrolled term ილია ჭავჭავაძის ენა და ტექსტის დადგენის ზოგიერთი საკითხი
653 ## - INDEX TERM--UNCONTROLLED
Uncontrolled term ქართველ მწერალთა ენა
653 ## - INDEX TERM--UNCONTROLLED
Uncontrolled term ჭავჭავაძე ილია
700 ## - ADDED ENTRY--PERSONAL NAME
Personal name აბაშიძე, გ.
Relator term რედაქტორი
9 (RLIN) 1910
710 ## - ADDED ENTRY--CORPORATE NAME
Corporate name or jurisdiction name as entry element საქ. მეცნიერებათა აკადემია
9 (RLIN) 8073
710 ## - ADDED ENTRY--CORPORATE NAME
Corporate name or jurisdiction name as entry element შ. რუსთაველის სახ. ქართული ლიტერატურის ინსტიტუტი
9 (RLIN) 8074
942 ## - ADDED ENTRY ELEMENTS (KOHA)
Koha item type წიგნი
Source of classification or shelving scheme
ეგზემპლარები
ჩამოწერის სტატუსი დაკარგული ეგზემპლარის სტატუსი კლასიფიკაციის წყარო ან თაროზე გაწყობის სქემა დაზიანების სტატუსი არ გაიცემა მუდმივი მდებარეობა (დაცვის ადგილი) ამჟამინდელი ადგილსამყოფელი თაროზე განთავსების ადგილი შეძენის თარიღი ღირებულება, შესყიდვის ნორმალური ფასი სრული შენახვის შიფრი შტრიხკოდი ბოლო ოპერაციის თარიღი ეგზემპლარის მიმდევრობითი ნომერი (კეტერი?) ფასის ძალაში შესვლის თარიღი ეგზემპლარის სახეობა საჯარო შენიშვნა
          ბათუმის შოთა რუსთაველის სახელმწიფო უნივერსიტეტის მთავარი ბიბლიოთეკა ბათუმის შოთა რუსთაველის სახელმწიფო უნივერსიტეტის მთავარი ბიბლიოთეკა წიგნსაცავი 2018-12-17 5.00 811.353.1(092ჭავჭავაძე ი.) ჭ-85 52471 2018-12-17 52471 2018-12-17 წიგნი 5.00 ლ